000 00946nam a22001937a 4500
999 _c21039
_d21039
003 AR-CdUCM
008 190725b ||||| |||| 00| 0 spa d
040 _aMUNICIPALIDAD PROVINCIAL DEL CUSCO
_cBIBLIOTECA MUNICIPAL DEL CUSCO
082 _a333.185 /
_bN89
245 _aNueva ley de reforma agraria y ley general de aguas /
260 _aLima :
_bEdiciones Tupac Amaru,
300 _a126 páginas ;
_c17 cm.
505 _aContenido : La lucha por la tierra -- La nacionalización de La Brea y Pariñas -- Mensaje del presidente de la junta militar de gobierno general Juan Velasco Alvarado -- Texto integro del Decreto Ley N° 17716 -- Decretos suplementarios -- Como esta distribuida la tierra (cuadros estadísticos) -- Quienes son los principales propietarios de tierras -- Ley de aguas.
650 _aReforma agraria
_91861
650 _aLey de aguas
_943839
650 _aHistoria del Perú
_9259
942 _2ddc
_cLIBROS
945 _azta